| 000 | 00743nam a2200229 u 4500 | ||
|---|---|---|---|
| 005 | 20240228063924.0 | ||
| 008 | 080429s2007 r 000 0 eng d | ||
| 020 | _a1404826599 (10 digitos) | ||
| 020 | _a9781404826595 (13 digitos) | ||
| 035 | _aUPN01000155676 | ||
| 049 | _aI | ||
| 050 | 4 |
_aPZ71 _bW3.7 |
|
| 100 | 1 | _aWade, Barrie | |
| 245 | 1 | 0 |
_aRicitos de oro / _cBarrie Wade ; tr. Patricia Abello ; il. Kristina Stephenson. |
| 260 |
_aMinnesota, EUA : _bPicture Window Books, _c2007. |
||
| 300 |
_a32 p. : _bprincipalmente il. col. |
||
| 440 | 0 |
_aRead-it Readers. _pNivel amarillo |
|
| 650 | 4 |
_aCuentos infantiles _96744 |
|
| 650 | 4 |
_aLibros y lectura para niƱos _92290 |
|
| 700 | 1 |
_aStephenson, Kristina, _eil. |
|
| 905 | _aInfantil | ||
| 999 |
_c127790 _d127790 |
||